The art of war : (Record no. 4055)

000 -LEADER
fixed length control field 00984mam a22003134a 4500
001 - CONTROL NUMBER
control field 2853903
003 - CONTROL NUMBER IDENTIFIER
control field Nust
005 - DATE AND TIME OF LATEST TRANSACTION
control field 20170105101619.0
008 - FIXED-LENGTH DATA ELEMENTS--GENERAL INFORMATION
fixed length control field 000629s2001 mau b 001 0 eng
010 ## - LIBRARY OF CONGRESS CONTROL NUMBER
LC control number 00058330
020 ## - INTERNATIONAL STANDARD BOOK NUMBER
International Standard Book Number 9780140439199 (pbk)
035 ## - SYSTEM CONTROL NUMBER
System control number (OCoLC)ocm44579045
035 ## - SYSTEM CONTROL NUMBER
System control number (NNC)2853903
040 ## - CATALOGING SOURCE
Original cataloging agency DLC
Transcribing agency DLC
Modifying agency C#P
041 1# - LANGUAGE CODE
Language code of text/sound track or separate title eng
Language code of original chi
042 ## - AUTHENTICATION CODE
Authentication code pcc
050 00 - LIBRARY OF CONGRESS CALL NUMBER
Classification number U101
Item number .S9513 2001
082 00 - DEWEY DECIMAL CLASSIFICATION NUMBER
Classification number 355.02
Author Mark TZU
100 0# - MAIN ENTRY--PERSONAL NAME
Personal name Sunzi,
Dates associated with a name active 6th century B.C.
240 10 - UNIFORM TITLE
Uniform title Sunzi bing fa.
Language of a work English
245 14 - TITLE STATEMENT
Title The art of war :
Remainder of title a new translation /
Statement of responsibility, etc. translation, essays and commentary by the Denma Translation Group.
250 ## - EDITION STATEMENT
Edition statement 1st ed.
260 ## - PUBLICATION, DISTRIBUTION, ETC.
Place of publication, distribution, etc. Boston :
Name of publisher, distributor, etc. Shambhala :
-- Distributed in the U.S. by Random House,
Date of publication, distribution, etc. 2001.
300 ## - PHYSICAL DESCRIPTION
Extent xxii, 325 p. ;
Dimensions 24 cm.
504 ## - BIBLIOGRAPHY, ETC. NOTE
Bibliography, etc. note Includes bibliographical references (p. 235-237) and index.
650 #0 - SUBJECT ADDED ENTRY--TOPICAL TERM
Topical term or geographic name entry element Military art and science
Form subdivision Early works to 1800.
942 ## - ADDED ENTRY ELEMENTS (KOHA)
Source of classification or shelving scheme
Koha item type Book
Holdings
Withdrawn status Lost status Source of classification or shelving scheme Damaged status Not for loan Collection code Permanent Location Current Location Shelving location Date acquired Total Checkouts Total Renewals Full call number Barcode Checked out Date last seen Date last checked out Copy number Price effective from Koha item type
            Central Library (CL) Central Library (CL) Book Cart 12/13/2016 4 3 355.02 TZU CL3027 03/15/2023 02/13/2023 02/13/2023 1 12/13/2016 Book
© 2023 Central Library, National University of Sciences and Technology. All Rights Reserved.